The Office Characters - Sudden Death - Statistics

General Stats
  • This quiz has been taken 28,676 times
  • The average score is 17 of 30
Answers on the Grid
Answers color-coded by a green-red scale on the quiz's grid according to % correct below.
Michael Scott
Dwight Schrute
Jim Halpert
Pam Beesly
Andy Bernard
Phyllis Vance
Kevin Malone
Angela Martin
Stanley Hudson
Oscar Martinez
Erin Hannon
Meredith Palmer
Creed Bratton
Ryan Howard
Darryl Philbin
Kelly Kapoor
Toby Flenderson
Nellie Bertram
Jan Levinson
Gabe Lewis
Holly Flax
Karen Filippeli
Robert California
Clark Green
David Wallace
Pete Miller
DeAngelo Vickers
Roy Anderson
Todd Packer
Charles Miner
Leslie Knope
Ron Swanson
Jake Peralta
Raymond Holt
Phoebe Buffay
Ross Geller
Jonah Simms
Bo Thompson
Manny Delgado
Cameron Tucker
Sheldon Cooper
Brandon Stark
Jane Ives
Mike Wheeler
Roy Kent
Jamie Tartt
Shawn Spencer
Carlton Lassiter
Skyler White
Jesse Pinkman
 
Answer Stats
Answer % Correct
Dwight Schrute
77%
Michael Scott
77%
Jim Halpert
75%
Pam Beesly
75%
Phyllis Vance
71%
Angela Martin
68%
Oscar Martinez
68%
Andy Bernard
67%
Kelly Kapoor
67%
Meredith Palmer
67%
Stanley Hudson
67%
Kevin Malone
66%
Toby Flenderson
66%
Creed Bratton
65%
Ryan Howard
61%
Darryl Philbin
60%
Jan Levinson
60%
Todd Packer
58%
David Wallace
57%
Holly Flax
57%
Erin Hannon
56%
Karen Filippeli
55%
Robert California
53%
Gabe Lewis
51%
Roy Anderson
48%
DeAngelo Vickers
39%
Nellie Bertram
39%
Charles Miner
32%
Pete Miller
26%
Clark Green
21%
No matching quizzes found
Score Distribution
Percent of People with Each Score
Percentile by Number Answered
Your Score History
You have not taken this quiz